|
|
|
|
| LEADER |
01030cam a22002417i 4500 |
| 001 |
6634496 |
| 003 |
GR-PaULI |
| 005 |
20210117210510.0 |
| 008 |
171102s1968 gw f b 000 0 lat d |
| 010 |
|
|
|a 71396455
|
| 040 |
|
|
|a DLC
|c OKentU
|d OCoLC
|d DCHS
|d DLC
|d GR-PaULI
|b gre
|e AACR2
|
| 082 |
0 |
4 |
|2 23
|a 882.13
|
| 100 |
1 |
|
|a Ευριπίδης,
|9 1682
|d 480-406
|e συγγραφέας
|
| 245 |
0 |
0 |
|a Nova fragmenta Euripidea :
|b In papyris reperta /
|c edidit Colinus Austin.
|
| 260 |
|
|
|a Berlin :
|b de Gruyter,
|c 1968.
|
| 300 |
|
|
|a 116 σ. ;
|c 20 εκ.
|
| 504 |
|
|
|a Περιλαμβάνει βιβλιογραφικές σημειώσεις.
|
| 650 |
|
4 |
|a Μυθολογία, Ελληνική, στο θέατρο
|9 109853
|
| 700 |
1 |
4 |
|a Austin, Colin
|d 1941-2010
|9 80492
|e επιμελητής
|
| 942 |
|
|
|2 ddc
|c BK15
|
| 952 |
|
|
|0 0
|1 0
|2 ddc
|4 0
|6 882_130000000000000_AUS
|7 0
|9 216979
|a THST
|b THST
|d 2017-11-02
|i 002113
|l 0
|o 882.13 AUS
|p 025000015532
|r 2017-11-02 00:00:00
|t 1
|v 2017.00
|w 2017-11-02
|y BK15
|
| 998 |
|
|
|c ΜΑΝΙΑ
|d 2017-11
|
| 999 |
|
|
|c 131542
|d 131542
|